Jackson Pollock / (Record no. 3494)

MARC details
000 -LEADER
fixed length control field 01174cam a2200301 a 4500
005 - DATE AND TIME OF LATEST TRANSACTION
control field 20240313102320.0
020 ## - INTERNATIONAL STANDARD BOOK NUMBER
International Standard Book Number 9780516422985
040 ## - CATALOGING SOURCE
Original cataloging agency DLC
Transcribing agency DLC
Modifying agency DLC
Language of cataloging eng
050 00 - LIBRARY OF CONGRESS CALL NUMBER
Classification number ND237.P73
Item number 1994
082 00 - DEWEY DECIMAL CLASSIFICATION NUMBER
Classification number 759.13
100 1# - MAIN ENTRY--PERSONAL NAME
Personal name Venezia, Mike
245 10 - TITLE STATEMENT
Title Jackson Pollock /
Statement of responsibility, etc. written and illustrated by Mike Venezia ; consultant, Meg Moss
260 ## - PUBLICATION, DISTRIBUTION, ETC.
Place of publication, distribution, etc. Chicago :
Name of publisher, distributor, etc. Childrens Press,
Date of publication, distribution, etc. 1994
300 ## - PHYSICAL DESCRIPTION
Extent 31 pages :
Other physical details color illustrations ;
Dimensions 25 cm.
490 ## - SERIES STATEMENT
Series statement Getting to know the world's greatest artists
505 ## - FORMATTED CONTENTS NOTE
Formatted contents note Z <br/>
520 ## - SUMMARY, ETC.
Summary, etc. A series of artist biographies for young readers provides hilarious, cartoon-style illustrations to complement the easy-to-read text and full-color reproductions of each master's artwork. Includes primary sources, photos, illustrations, maps and timelines
521 ## - TARGET AUDIENCE NOTE
Target audience note 940 <br/>
Source Lexile <br/>
521 ## - TARGET AUDIENCE NOTE
Target audience note Z <br/>
Source Raz-Plus <br/>
650 #0 - SUBJECT ADDED ENTRY--TOPICAL TERM
Topical term or geographic name entry element Abstract expressionism
Geographic subdivision United States
Form subdivision Juvenile literature
650 #1 - SUBJECT ADDED ENTRY--TOPICAL TERM
Topical term or geographic name entry element Artists
650 #1 - SUBJECT ADDED ENTRY--TOPICAL TERM
Topical term or geographic name entry element Painting, American
650 #1 - SUBJECT ADDED ENTRY--TOPICAL TERM
Topical term or geographic name entry element Art appreciation
700 1# - ADDED ENTRY--PERSONAL NAME
Personal name Pollock, Jackson
Dates associated with a name 1912-1956
906 ## - LOCAL DATA ELEMENT F, LDF (RLIN)
a 7
b cbc
c orignew
d 1
e ocip
f 19
g y-gencatlg
942 ## - ADDED ENTRY ELEMENTS (KOHA)
Source of classification or shelving scheme Dewey Decimal Classification
Koha item type Books
Suppress in OPAC No
999 ## -
-- 3494
-- 3494
Holdings
Withdrawn status Lost status Source of classification or shelving scheme Damaged status Not for loan Collection Home library Current library Shelving location Date acquired Total Checkouts Full call number Barcode Date last seen Price effective from Koha item type
    Dewey Decimal Classification     Non-Fiction Footprints International School Library Network Toul Kork Campus Footprints International School Library Network Toul Kork Campus TTP Secondary Non-Fiction Bookshelves 03/13/2024   VEN 759.13 ND237.P73 FIS04753 03/13/2024 03/13/2024 Books